[Event "Oberliga Ost-B 1920"]
[Site "Germany"]
[Date "2020.03.01"]
[Round "9.5"]
[White "Kayser, Felix"]
[Black "Skliarov, Viktor"]
[Result "0-1"]
[WhiteElo "2100"]
[BlackElo "2375"]
[PlyCount "60"]
[EventDate "2019.09.29"]
[EventType "team-tourn"]
[EventRounds "11"]
[EventCountry "GER"]
[SourceTitle "EXT 2023"]
[Source "ChessBase"]
[SourceDate "2022.10.05"]
[SourceVersion "1"]
[SourceVersionDate "2022.10.05"]
[SourceQuality "1"]
[WhiteTeam "Wiesbaden"]
[BlackTeam "Bad Emstal/Wolfhagen"]
[WhiteTeamCountry "GER"]
[BlackTeamCountry "GER"]

1. e4 c5 2. Nf3 Nc6 3. Bb5 e6 4. 0-0 Nge7 5. Re1 a6 6. Bf1 g6 7. d4 cxd4 8. Nxd4 Bg7 9. Nf3 0-0 10. Nc3 b5 11. a3 Qc7 12. g3 Rd8 13. Bf4 d6 14. Qd2 Ne5 15. Be2 Bb7 16. Bh6 Bh8 17. Qf4 d5 18. exd5 Nxd5 19. Nxd5 Rxd5 20. c4 bxc4 21. Nxe5 Bxe5 22. Qxc4 Rc5 23. Qa4 Bxb2 24. Rab1 Bc3 25. Rec1 Bd5 26. Qh4 Bg7 27. Be3 Rxc1+ 28. Rxc1 Qb7 29. Qa4 a5 30. Qf4 Qb2 0-1

[Event "Oberliga Ost-B 1718"]
[Site "Germany"]
[Date "2018.01.21"]
[Round "5.6"]
[White "Heyder, Florian"]
[Black "Kayser, Felix"]
[Result "1-0"]
[WhiteElo "2174"]
[BlackElo "2149"]
[PlyCount "79"]
[EventDate "2017.10.22"]
[EventType "team-tourn"]
[EventRounds "11"]
[EventCountry "GER"]
[SourceTitle "EXT 2019"]
[Source "ChessBase"]
[SourceDate "2018.10.10"]
[SourceVersion "1"]
[SourceVersionDate "2018.10.10"]
[SourceQuality "1"]
[WhiteTeam "Sangerhausen"]
[BlackTeam "Wiesbaden"]
[WhiteTeamCountry "GER"]
[BlackTeamCountry "GER"]

1. d4 d5 2. Nc3 Nf6 3. Bf4 Bf5 4. Nb5 Na6 5. e3 c6 6. Nc3 Nb4 7. Rc1 Qa5 8. Qd2 e5 9. Bxe5 0-0-0 10. a3 Na6 11. Bd3 Bxd3 12. Bxf6 gxf6 13. Qxd3 Nc7 14. Qf5+ Kb8 15. Nge2 Be7 16. 0-0 Ne8 17. e4 Nc7 18. Rfe1 Qb6 19. Rb1 dxe4 20. Nxe4 Rd5 21. Qf4 c5 22. c4 Rdd8 23. d5 Ka8 24. N2g3 Ne8 25. Nf5 Bd6 26. Nfxd6 Nxd6 27. Nxd6 Rxd6 28. Re7 Rdd8 29. Rxf7 Rhe8 30. Qxf6 Qb3 31. Qc3 Qa2 32. Rd1 Re2 33. Qf6 Rde8 34. Rf8 a6 35. Rxe8+ Rxe8 36. Qc3 Re2 37. d6 Rxb2 38. d7 Rxf2 39. d8Q+ Ka7 40. Qd5 1-0

[Event "Oberliga Ost-B 1718"]
[Site "Germany"]
[Date "2017.12.10"]
[Round "4.7"]
[White "Meyer, Kai Christian"]
[Black "Kayser, Felix"]
[Result "1-0"]
[WhiteElo "2158"]
[BlackElo "2149"]
[PlyCount "29"]
[EventDate "2017.10.22"]
[EventType "team-tourn"]
[EventRounds "11"]
[EventCountry "GER"]
[SourceTitle "EXT 2019"]
[Source "ChessBase"]
[SourceDate "2018.10.10"]
[SourceVersion "1"]
[SourceVersionDate "2018.10.10"]
[SourceQuality "1"]
[WhiteTeam "Schoeneck"]
[BlackTeam "Wiesbaden"]
[WhiteTeamCountry "GER"]
[BlackTeamCountry "GER"]

1. c4 e6 2. e4 c5 3. Nc3 Nc6 4. Nf3 a6 5. Be2 Nf6 6. 0-0 d5 7. exd5 exd5 8. cxd5 Nxd5 9. d4 cxd4 10. Nxd4 Nxc3 11. bxc3 Be7 12. Nxc6 bxc6 13. Qxd8+ Bxd8 14. Bf3 0-0 15. Ba3 1-0

[Event "Oberliga Ost-B 1617"]
[Site "Germany"]
[Date "2016.10.16"]
[Round "1.5"]
[White "Boehmer, Christian"]
[Black "Kayser, Felix"]
[Result "0-1"]
[WhiteElo "2166"]
[BlackElo "2171"]
[PlyCount "44"]
[EventDate "2016.10.16"]
[EventType "team-tourn"]
[EventRounds "11"]
[EventCountry "GER"]
[SourceTitle "EXT 2018"]
[Source "ChessBase"]
[SourceDate "2017.10.13"]
[SourceVersion "1"]
[SourceVersionDate "2017.10.13"]
[SourceQuality "1"]
[WhiteTeam "Moerlenbach Birkenau"]
[BlackTeam "Wiesbaden"]
[WhiteTeamCountry "GER"]
[BlackTeamCountry "GER"]

1. Nf3 d5 2. c4 e6 3. d4 c5 4. cxd5 exd5 5. Nc3 Nc6 6. Bg5 Be7 7. Bxe7 Ngxe7 8. e3 c4 9. Be2 Bf5 10. 0-0 0-0 11. Nh4 Be6 12. f4 Ng6 13. Nf3 Bf5 14. Ne5 Nb4 15. Bf3 Nc2 16. Nxd5 Nxa1 17. Qxa1 Nh4 18. Qd1 Nxf3+ 19. Qxf3 Rc8 20. Rc1 f6 21. Rxc4 fxe5 22. Rxc8 Bxc8 0-1

[Event "Oberliga Ost-B 1516"]
[Site "Germany"]
[Date "2015.09.20"]
[Round "1.7"]
[White "Kayser, Felix"]
[Black "Schaefer, Michael"]
[Result "1-0"]
[WhiteElo "2136"]
[BlackElo "2175"]
[PlyCount "67"]
[EventDate "2015.09.20"]
[EventType "team-tourn"]
[EventRounds "11"]
[EventCountry "GER"]
[SourceTitle "EXT 2017"]
[Source "ChessBase"]
[SourceDate "2016.10.25"]
[SourceVersion "1"]
[SourceVersionDate "2016.10.25"]
[SourceQuality "1"]
[WhiteTeam "Wiesbaden"]
[BlackTeam "Moerlenbach"]
[WhiteTeamCountry "GER"]
[BlackTeamCountry "GER"]

1. e4 c5 2. Nc3 Nc6 3. f4 e6 4. Nf3 a6 5. a4 d5 6. d3 Nf6 7. Bd2 Be7 8. g3 dxe4 9. dxe4 0-0 10. Bg2 Rb8 11. e5 Nd5 12. Ne4 b5 13. axb5 axb5 14. c3 Bb7 15. Qc2 f5 16. exf6 gxf6 17. 0-0 c4 18. Rfe1 Qc8 19. Re2 Ra8 20. Rae1 Nc7 21. Be3 b4 22. Nc5 b3 23. Qb1 Nd8 24. Nxb7 Nxb7 25. Bf2 Nc5 26. Nd2 Ra4 27. Bd4 Qa6 28. h4 Ra2 29. Nf1 Nd3 30. Be4 Nxe1 31. Bxh7+ Kh8 32. Qg6 Nf3+ 33. Kf2 Nxd4 34. Bg8 1-0

[Event "BL2-West 1415"]
[Site "Germany"]
[Date "2015.02.01"]
[Round "6.8"]
[White "Kayser, Felix"]
[Black "Meessen, Rudolf"]
[Result "0-1"]
[WhiteElo "2161"]
[BlackElo "2209"]
[PlyCount "78"]
[EventDate "2014.09.21"]
[EventType "team-tourn"]
[EventRounds "9"]
[EventCountry "GER"]
[SourceTitle "CBM 166 Extra"]
[Source "ChessBase"]
[SourceDate "2015.06.18"]
[SourceVersion "1"]
[SourceVersionDate "2015.06.18"]
[SourceQuality "1"]
[WhiteTeam "Wiesbaden"]
[BlackTeam "Aachen SV"]
[WhiteTeamCountry "GER"]
[BlackTeamCountry "GER"]

1. e4 Nf6 2. e5 Nd5 3. d4 d6 4. c4 Nb6 5. exd6 exd6 6. Nc3 Nc6 7. Be3 Be7 8. Bd3 0-0 9. Nge2 Nb4 10. 0-0 g6 11. Bh6 Re8 12. Bb1 Nxc4 13. d5 Ne5 14. h3 c6 15. f4 Qb6+ 16. Kh1 Qe3 17. fxe5 Qxh6 18. exd6 Bxd6 19. dxc6 Be5 20. Ng1 Nxc6 21. Bc2 Nd4 22. Ba4 Rd8 23. Qe1 Qg7 24. Nf3 Nxf3 25. Rxf3 Be6 26. Qe4 Rd2 27. Re1 Bxc3 28. bxc3 Bd5 29. Qf4 Rxa2 30. Rfe3 h5 31. Rg1 Rc8 32. Rd3 Bc4 33. Bd7 Bxd3 34. Bxc8 b5 35. Bb7 Bc4 36. Qe3 Re2 37. Qxa7 Qxc3 38. Ba6 Bd5 39. Qb8+ Kg7 0-1

[Event "Frankfurt-chA"]
[Site "Frankfurt"]
[Date "2013.04.29"]
[Round "1"]
[White "Weber, Andreas"]
[Black "Kayser, Felix"]
[Result "0-1"]
[WhiteElo "1730"]
[BlackElo "2183"]
[PlyCount "78"]
[EventDate "2013.04.29"]
[EventType "swiss"]
[EventRounds "7"]
[EventCountry "GER"]
[SourceTitle "EXT 2014"]
[Source "ChessBase"]
[SourceDate "2013.11.20"]
[SourceVersion "1"]
[SourceVersionDate "2013.11.20"]
[SourceQuality "1"]

1. e4 c5 2. d4 cxd4 3. c3 g6 4. Qxd4 Nf6 5. e5 Nc6 6. Qf4 Nd5 7. Qe4 Nc7 8. Nf3 Bg7 9. Bd3 b6 10. 0-0 Bb7 11. Qe2 Ne6 12. Na3 0-0 13. Re1 Qb8 14. Bd2 Nc5 15. Bf4 Qc8 16. Rad1 Ne6 17. Bc1 a6 18. h4 h5 19. Qc2 Qe8 20. Nc4 b5 21. Nb6 Rb8 22. Nxd7 Qxd7 23. Bxg6 Qe8 24. Bxh5 Rd8 25. Rxd8 Ncxd8 26. Bg4 Qc6 27. h5 Nd4 28. Qb1 Nxf3+ 29. Bxf3 Qe6 30. Bxb7 Nxb7 31. Qe4 Nc5 32. Qe3 Rc8 33. h6 Bf8 34. Qg3+ Qg6 35. Qxg6+ fxg6 36. e6 Rc6 37. Re5 Nd3 38. Rg5 Nxc1 39. Rxg6+ Kh7 0-1

[Event "Wiesbaden op 24th"]
[Site "Wiesbaden"]
[Date "2012.08.26"]
[Round "7"]
[White "Geyler, Stefan"]
[Black "Kayser, Felix"]
[Result "1/2-1/2"]
[WhiteElo "1915"]
[BlackElo "2220"]
[PlyCount "32"]
[EventDate "2012.08.23"]
[EventType "swiss"]
[EventRounds "7"]
[EventCountry "GER"]
[SourceTitle "CBM 150 Extra"]
[Source "ChessBase"]
[SourceDate "2012.10.19"]
[SourceVersion "1"]
[SourceVersionDate "2012.10.19"]
[SourceQuality "1"]

1. e4 c5 2. Nf3 g6 3. d4 cxd4 4. Nxd4 Nc6 5. Nc3 Bg7 6. Be3 Nf6 7. Bc4 0-0 8. Bb3 a5 9. 0-0 d6 10. f3 Nxd4 11. Bxd4 Bd7 12. a4 Bc6 13. Nd5 Bxd5 14. exd5 Nd7 15. Bxg7 Kxg7 16. Qd4+ f6 1/2-1/2

[Event "Wiesbaden op 24th"]
[Site "Wiesbaden"]
[Date "2012.08.23"]
[Round "1"]
[White "Rolf, Marco"]
[Black "Kayser, Felix"]
[Result "0-1"]
[WhiteElo "1881"]
[BlackElo "2220"]
[PlyCount "62"]
[EventDate "2012.08.23"]
[EventType "swiss"]
[EventRounds "7"]
[EventCountry "GER"]
[SourceTitle "CBM 150 Extra"]
[Source "ChessBase"]
[SourceDate "2012.10.19"]
[SourceVersion "1"]
[SourceVersionDate "2012.10.19"]
[SourceQuality "1"]

1. d4 d5 2. c4 dxc4 3. Nc3 a6 4. e3 b5 5. a4 b4 6. Na2 e6 7. Bxc4 Bb7 8. Nf3 Nf6 9. 0-0 Nbd7 10. Bd2 a5 11. Nc1 Bd6 12. Nb3 0-0 13. Qe2 Qe7 14. Rfc1 e5 15. dxe5 Nxe5 16. Nbd4 Nxf3+ 17. gxf3 Qe5 18. f4 Qe4 19. f3 Qg6+ 20. Qg2 Qh5 21. Kf2 c5 22. Rg1 g6 23. Nb5 Rad8 24. Nxd6 Rxd6 25. Be1 Rfd8 26. b3 Rd2+ 27. Bxd2 Rxd2+ 28. Be2 Ne4+ 29. Kf1 Nc3 30. Re1 Rxe2 31. Rxe2 Ba6 0-1

[Event "Frankfurt-chA"]
[Site "Frankfurt"]
[Date "2012.05.31"]
[Round "4"]
[White "Busic, Nedjeljko"]
[Black "Kayser, Felix"]
[Result "0-1"]
[WhiteElo "1883"]
[BlackElo "2251"]
[PlyCount "88"]
[EventDate "2012.04.30"]
[EventType "swiss"]
[EventRounds "7"]
[EventCountry "GER"]
[SourceTitle "EXT 2013"]
[Source "ChessBase"]
[SourceDate "2012.11.22"]
[SourceVersion "1"]
[SourceVersionDate "2012.11.22"]
[SourceQuality "1"]

1. e4 c5 2. Nf3 g6 3. d4 cxd4 4. Qxd4 Nf6 5. Nc3 Nc6 6. Qa4 d6 7. e5 dxe5 8. Nxe5 Bd7 9. Nxd7 Qxd7 10. Bb5 Bg7 11. 0-0 0-0 12. Bg5 Qf5 13. Bxf6 Bxf6 14. Bd3 Qh5 15. Be2 Qh6 16. Rad1 Bxc3 17. bxc3 Rfd8 18. Qb5 Qg7 19. Qxb7 Qxc3 20. Rxd8+ Rxd8 21. Bb5 Nd4 22. Qxe7 Rd5 23. Be8 Rf5 24. Bd7 Re5 25. Qd8+ Kg7 26. Bg4 h5 27. Bd1 Qd2 28. Kh1 Re1 29. Qxd4+ Qxd4 30. Rxe1 Qxf2 31. Rg1 Kf6 32. a4 Ke5 33. Bf3 Qxc2 34. a5 Qa2 35. Rd1 Qxa5 36. h3 Qc5 37. Be2 a5 38. Rb1 Kf4 39. Rb3 f5 40. Rf3+ Kg5 41. Rg3+ Kh6 42. Rb3 a4 43. Rb5 Qc1+ 44. Kh2 a3 0-1

[Event "Wiesbaden op 23rd"]
[Site "Wiesbaden"]
[Date "2011.08.26"]
[Round "2"]
[White "Partzsch, Lukas"]
[Black "Kayser, Felix"]
[Result "1/2-1/2"]
[WhiteElo "2034"]
[BlackElo "2190"]
[PlyCount "34"]
[EventDate "2011.08.25"]
[EventType "swiss"]
[EventRounds "7"]
[EventCountry "GER"]
[SourceTitle "CBM 144 Extra"]
[Source "ChessBase"]
[SourceDate "2011.10.28"]
[SourceVersion "1"]
[SourceVersionDate "2011.10.28"]
[SourceQuality "1"]

1. d4 d5 2. c4 dxc4 3. Nf3 Nf6 4. e3 e6 5. Bxc4 c5 6. 0-0 a6 7. dxc5 Qxd1 8. Rxd1 Bxc5 9. a3 b5 10. Be2 Nc6 11. b4 Bb6 12. Bb2 Ke7 13. Nbd2 Bb7 14. Nb3 Rhd8 15. Rxd8 Rxd8 16. Rc1 Rd5 17. Nfd4 Nxd4 1/2-1/2

[Event "Wiesbaden op 23rd"]
[Site "Wiesbaden"]
[Date "2011.08.25"]
[Round "1"]
[White "Kayser, Felix"]
[Black "Launert, Martin"]
[Result "1-0"]
[WhiteElo "2190"]
[BlackElo "1875"]
[PlyCount "55"]
[EventDate "2011.08.25"]
[EventType "swiss"]
[EventRounds "7"]
[EventCountry "GER"]
[SourceTitle "CBM 144 Extra"]
[Source "ChessBase"]
[SourceDate "2011.10.28"]
[SourceVersion "1"]
[SourceVersionDate "2011.10.28"]
[SourceQuality "1"]

1. e4 e5 2. Nf3 Nc6 3. d4 exd4 4. Bc4 Nf6 5. e5 d5 6. Bb5 Ne4 7. Nxd4 Bd7 8. Bxc6 bxc6 9. 0-0 Be7 10. f3 Ng5 11. f4 Ne4 12. f5 c5 13. Ne2 c6 14. Nbc3 Nxc3 15. Nxc3 Qc7 16. e6 fxe6 17. Qh5+ Kd8 18. fxe6 Be8 19. Qg4 Bg6 20. Bf4 Bd6 21. Rae1 Bxf4 22. e7+ Ke8 23. Rxf4 Qc8 24. Qf3 Kd7 25. Nxd5 cxd5 26. Qxd5+ Ke8 27. Ref1 a5 28. Qd6 1-0

[Event "Frankfurt-ch"]
[Site "Frankfurt"]
[Date "2011.06.06"]
[Round "6"]
[White "Wornath, Kai Rudolf"]
[Black "Kayser, Felix"]
[Result "0-1"]
[WhiteElo "2408"]
[BlackElo "2190"]
[PlyCount "82"]
[EventDate "2011.05.02"]
[EventType "swiss"]
[EventRounds "7"]
[EventCountry "GER"]
[SourceTitle "EXT 2012"]
[Source "ChessBase"]
[SourceDate "2011.11.24"]
[SourceVersion "1"]
[SourceVersionDate "2011.11.24"]
[SourceQuality "1"]

1. d4 d5 2. Nf3 Nf6 3. g3 g6 4. Bg2 Bg7 5. 0-0 0-0 6. c4 c6 7. b3 Nbd7 8. Bb2 Ne4 9. Nc3 Ndf6 10. Rc1 Bh6 11. e3 dxc4 12. Nxe4 Nxe4 13. bxc4 Bg7 14. Ne5 Nf6 15. Qb3 Qc7 16. d5 c5 17. f4 Ne8 18. e4 Rb8 19. Rfd1 Nd6 20. a4 f5 21. exf5 Nxf5 22. h4 Qb6 23. Rc3 Nd4 24. Qxb6 axb6 25. Rxd4 cxd4 26. Rb3 Ra8 27. Bxd4 Rxa4 28. Bf1 Ra6 29. Kf2 Bf5 30. Ke3 Rfa8 31. Bb2 Bc2 32. Rb4 Bf5 33. Be2 h5 34. c5 bxc5 35. Bxa6 cxb4 36. Bxb7 Ra3+ 37. Bxa3 bxa3 38. d6 e6 39. Nc6 a2 40. Ne7+ Kf7 41. Nxf5 gxf5 0-1

[Event "Frankfurt-ch"]
[Site "Frankfurt"]
[Date "2011.05.30"]
[Round "5"]
[White "Kayser, Felix"]
[Black "Reschke, Thomas"]
[Result "1-0"]
[WhiteElo "2190"]
[BlackElo "2198"]
[PlyCount "89"]
[EventDate "2011.05.02"]
[EventType "swiss"]
[EventRounds "7"]
[EventCountry "GER"]
[SourceTitle "EXT 2012"]
[Source "ChessBase"]
[SourceDate "2011.11.24"]
[SourceVersion "1"]
[SourceVersionDate "2011.11.24"]
[SourceQuality "1"]

1. e4 g6 2. d4 Bg7 3. Nc3 d6 4. h3 Nd7 5. Nf3 a6 6. a4 b6 7. Bd3 h6 8. Qe2 e6 9. Bd2 Bb7 10. Nd1 Ne7 11. c4 e5 12. dxe5 dxe5 13. a5 0-0 14. axb6 cxb6 15. Bb4 Nc5 16. Bc2 Nc6 17. Bxc5 bxc5 18. Nc3 Nd4 19. Nxd4 exd4 20. Na4 Qc7 21. 0-0 Rfe8 22. f4 Rxe4 23. Bxe4 Re8 24. Rae1 Rxe4 25. Qg4 Rxe1 26. Rxe1 Qc6 27. b3 d3 28. Kh2 Qd6 29. Qg3 f5 30. Qe3 Bd4 31. Qe8+ Kh7 32. Qf7+ Bg7 33. Qxb7 Qxf4+ 34. Kh1 d2 35. Rd1 Qg3 36. Qf3 Qe1+ 37. Qf1 Qe3 38. Qg1 Qxb3 39. Nxc5 Qc2 40. Ne6 Be5 41. Qa7+ Kg8 42. Qa8+ Kf7 43. Nd8+ Ke7 44. Nc6+ Kd6 45. Rxd2+ 1-0

[Event "Frankfurt-ch"]
[Site "Frankfurt"]
[Date "2011.05.16"]
[Round "3"]
[White "Kayser, Felix"]
[Black "Schmitt, Roland"]
[Result "1-0"]
[WhiteElo "2190"]
[BlackElo "1893"]
[PlyCount "33"]
[EventDate "2011.05.02"]
[EventType "swiss"]
[EventRounds "7"]
[EventCountry "GER"]
[SourceTitle "EXT 2012"]
[Source "ChessBase"]
[SourceDate "2011.11.24"]
[SourceVersion "1"]
[SourceVersionDate "2011.11.24"]
[SourceQuality "1"]

1. e4 c5 2. Nc3 Nc6 3. f4 d6 4. Nf3 g6 5. Bb5 Bd7 6. Bc4 Bg7 7. 0-0 e6 8. a4 Nge7 9. d3 Nd4 10. f5 Nxf3+ 11. Qxf3 exf5 12. Bg5 Bc6 13. Nd5 Bxd5 14. Bxd5 f6 15. exf5 Nxf5 16. Rae1+ Kf8 17. Be6 1-0

[Event "Hessenliga 0910"]
[Site "Germany"]
[Date "2010.04.18"]
[Round "9.5"]
[White "Waffenschmidt, Joachim"]
[Black "Kayser, Felix"]
[Result "1/2-1/2"]
[WhiteElo "2066"]
[BlackElo "2164"]
[PlyCount "86"]
[EventDate "2009.09.20"]
[EventType "team-tourn"]
[EventRounds "9"]
[EventCountry "GER"]
[SourceTitle "EXT 2011"]
[Source "ChessBase"]
[SourceDate "2010.11.26"]
[SourceVersion "1"]
[SourceVersionDate "2010.11.26"]
[SourceQuality "1"]
[WhiteTeam "Frankfurt BvK II"]
[BlackTeam "Wiesbaden"]
[WhiteTeamCountry "GER"]
[BlackTeamCountry "GER"]

1. d4 d5 2. c4 dxc4 3. Nf3 Nf6 4. e3 e6 5. Bxc4 a6 6. 0-0 b5 7. Bd3 c5 8. Nc3 Bb7 9. Qe2 cxd4 10. exd4 Be7 11. Rd1 Nd5 12. Ne4 Nd7 13. Neg5 Rc8 14. h4 Qb6 15. Nxh7 Nb4 16. Nhg5 Bd5 17. Be3 Nxa2 18. Rxa2 Bxa2 19. d5 Qb7 20. dxe6 Bxe6 21. Nxe6 fxe6 22. Bg6+ Kf8 23. Bg5 Rc6 24. Nd4 Bxg5 25. hxg5 Ke7 26. Be4 Rhc8 27. Bxc6 Rxc6 28. Qe4 Rb6 29. Qg6 Qd5 30. Qxg7+ Kd8 31. Qg8+ Kc7 32. Rc1+ Kd6 33. Qh8 Qxg5 34. Rd1 Kc7 35. Nf3 Qf4 36. Qe8 Rd6 37. Rxd6 Kxd6 38. Qh8 Qc1+ 39. Kh2 Qf4+ 40. Kg1 Qc4 41. Qh2+ Ke7 42. Qh7+ Kd8 43. Qg8+ Kc7 1/2-1/2